000 00240nam a22001097a 4500
082 _a621.8 WAL
100 _aWALKER,JOHN.R
_974271
245 _aMACHINING FUNDAMENTALS
260 _aHOLLAND
_bGOODHEART
_c1973
300 _a512P
942 _cBK
999 _c583307
_d583307